| 000 | 00000nam 2200000zi 4500 |
| 001 | 9.886703 |
| 003 | CaOODSP |
| 005 | 20221107171508 |
| 006 | m o d f |
| 007 | cr ||||||||||| |
| 008 | 200501t20212021onca o f00| 0 fre d |
| 020 | |a9780660348438 |
| 040 | |aCaOODSP|bfre|erda|cCaOODSP |
| 043 | |an-cn--- |
| 086 | 1 |aHP35-133/2020F-PDF |
| 245 | 00|aVotre guide pour une grossesse en santé. |
| 264 | 1|a[Ottawa] : |bAgence de la santé publique du Canada = Public Health Agency of Canada, |c2021. |
| 264 | 4|c©2021 |
| 300 | |a1 ressource en ligne (81 pages) : |billustrations |
| 336 | |atexte|btxt|2rdacontent/fre |
| 337 | |ainformatique|bc|2rdamedia/fre |
| 338 | |aressource en ligne|bcr|2rdacarrier/fre |
| 500 | |aPublié aussi en anglais sous le titre : Your guide to a healthy pregnancy. |
| 650 | 6|aFemmes enceintes|xSanté et hygiène. |
| 650 | 6|aGrossesse. |
| 710 | 2 |aAgence de santé publique du Canada, |eorganisme de publication. |
| 775 | 08|tYour guide to a healthy pregnancy.|w(CaOODSP)9.886698 |
| 776 | 0#|tLe guide pratique d'une grossesse en santé.|w(CaOODSP)9.886705 |
| 794 | |tVotre guide pour une grossesse en santé.|w(CaOODSP)9.913103 |
| 856 | 40|qPDF|s6.91 Mo|uhttps://publications.gc.ca/collections/collection_2021/aspc-phac/HP35-133-2020-fra.pdf |